Highest Grossing 2020s Hollywood Movies - Statistics

General Stats
  • This quiz has been taken 139 times
    17 since last reset
  • The average score is 11 of 20
Answer Stats
Gross Summary Movie % Correct
$1,698 m Riley experiences puberty and with this comes a variety of new emotions in her head Inside Out 2
86%
$1,917 m Masked superhero's identity is discovered by the world Spider-Man: No Way Home
86%
$1,486 m After more than thirty years of service as one of the Navy's top aviators, protagonist trains a group of younger pilots Top Gun: Maverick
86%
$971 m Gru welcomes a new member to the family, Gru Jr., who's intent on tormenting his dad. However, their peaceful existence soon comes crashing down when criminal mastermind Maxime Le Mal escapes from prison and vows revenge against Gru. Despicable Me 4
79%
$750 m Elphaba, a young woman ridiculed for her green skin, and Galinda, a popular girl, become friends at Shiz University in the Land of Oz. After an encounter with the Wonderful Wizard of Oz, their friendship reaches a crossroads. Wicked
79%
$2,317 m Couple have formed a family and are doing everything to stay together. However, they must leave their home and explore the regions of Pandora. Avatar: The Way of Water
71%
$1,445 m The two main characters are having the time of their lives in their seemingly perfect world. However, when they get a chance to go to the real world, they soon discover the joys and perils of living among humans. Barbie
71%
$964 m The titular character and a team of scientists spend years developing and designing the atomic bomb. Oppenheimer
71%
$1,338 m A listless Wade Wilson toils away in civilian life with his days as the morally flexible mercenary hero behind him. But when his home world faces an existential threat, Wade must reluctantly suit-up again with his clawed acquaintance Deadpool and Wolverine
64%
$770 m Sadistic killer leaves behind a trail of cryptic clues for caped superhero The Batman
64%
$859 m The people of this nation fight to protect their home from intervening world powers as they mourn the death of King T'Challa. Black Panther: Wakanda Forever
57%
$1,361 m While working underground to fix a water main, Brooklyn plumbers and brothers are transported through a mysterious pipe to a magical new world. The Super Mario Bros. Movie
57%
$955 m Titular character and teenage girl travel across universes Doctor Strange in the Multiverse of Madness
43%
$760 m Superhero seeking peace is interrupted by a God butcher and his ex wielding his hammer Thor: Love and Thunder
43%
$845 m Still reeling from the loss of Gamora, Peter Quill must rally his team to defend the universe and protect one of their own. Guardians of the Galaxy Vol. 3
36%
$1,003 m Dinosaurs now live and hunt alongside humans all over the world Jurassic World Dominion
36%
$1,059 m After receiving an unexpected call from her wayfinding ancestors, a young woman must journey to the far seas of Oceania and into dangerous, long-lost waters for an adventure unlike anything she's ever faced. Moana 2
36%
$774 m Retired MI6 agent must return to recover a kidnapped scientist No Time To Die
29%
$726 m The crew must take on an international terrorist who turns out to be leader's estranged brother. Fast & Furious 9
21%
$937 m Young wannabie supervillain attempts to join the Vicious 6 Minions: The Rise of Gru
14%
No matching quizzes found
Score Distribution
Percent of People with Each Score
Percentile by Number Answered
Your Score History
You have not taken this quiz since the last reset